[Event "Litomysl 2006"]
[Site "?"]
[Date "2006.12.28"]
[Round "4.9"]
[White "Bujnoch, Radek"]
[Black "Kraemer, Martin"]
[Result "0-1"]
[WhiteElo "2250"]
[BlackElo "2435"]
[PlyCount "142"]
[EventDate "2006.12.26"]

1. e4 c5 2. Nf3 Nc6 3. d4 cxd4 4. Nxd4 Nf6 5. Nc3 d6 6. f3 e5 7. Nb3 Be7 8. Be3
Be6 9. Nd5 O-O 10. c4 a5 11. Qd2 a4 12. Nc1 Nd7 13. Bd3 h6 14. O-O Bg5 15. Ne2
Nc5 16. Nec3 Bxe3+ 17. Qxe3 Qg5 18. Qxg5 hxg5 19. Bc2 Nd4 20. Rf2 Bxd5 21. Nxd5
Rfb8 22. Rb1 Ra5 23. b4 axb3 24. Bxb3 Ra3 25. Rfb2 g6 26. Bc2 Ne2+ 27. Kf1 Nc3
28. Nxc3 Rxc3 29. Bb3 Kf8 30. Rd1 Ke7 31. Rbd2 Rd8 32. Rc2 Rxc2 33. Bxc2 Ra8
34. Bb3 Ra3 35. Rb1 f5 36. exf5 gxf5 37. Kf2 Ke6 38. g3 Ra8 39. Kg2 Ke7 40. Rb2
Kf6 41. Bc2 e4 42. g4 Ra3 43. gxf5 exf3+ 44. Kg3 Rc3 45. Bb1 Ke5 46. Rd2 Rxc4
47. Kxf3 Rf4+ 48. Kg3 d5 49. Re2+ Kd4 50. Rd2+ Ke5 51. Re2+ Kf6 52. Rb2 Rc4 53.
Rb6+ Ke5 54. f6 Rf4 55. Rb5 Kd6 56. Rb6+ Kc7 57. Rb2 Nd7 58. f7 Ne5 59. Rd2 Kc6
60. Rf2 Rxf2 61. Kxf2 Nxf7 62. Kg3 Ne5 63. h4 gxh4+ 64. Kxh4 Kc5 65. Kg3 Kc4
66. Kf2 Kc3 67. a4 b6 68. Ke3 d4+ 69. Ke4 d3 70. Bxd3 Nxd3 71. Kd5 Nc5 0-1

[Event "Litomysl 2006"]
[Site "?"]
[Date "2006.12.28"]
[Round "4.10"]
[White "Zawadzki, Stanislaw"]
[Black "Bartel, Michal"]
[Result "1/2-1/2"]
[WhiteElo "2422"]
[BlackElo "2226"]
[PlyCount "25"]
[EventDate "2006.12.26"]

1. Nf3 f5 2. g3 Nf6 3. Bg2 g6 4. O-O Bg7 5. d3 Nc6 6. c4 d6 7. Nc3 O-O 8. Ne1
e5 9. f4 Be6 10. Nc2 Rb8 11. Kh1 a6 12. Be3 Nd7 13. Bd2 1/2-1/2

[Event "Litomysl 2006"]
[Site "?"]
[Date "2006.12.28"]
[Round "4.11"]
[White "Grecescu, Gabriel-Andrei"]
[Black "Jedlicka, Ales"]
[Result "0-1"]
[WhiteElo "2405"]
[BlackElo "2235"]
[PlyCount "96"]
[EventDate "2006.12.26"]

1. c4 Nf6 2. Nf3 c6 3. b3 d5 4. Bb2 Bf5 5. e3 Nbd7 6. Be2 e6 7. O-O Bd6 8. Nc3
h6 9. Nd4 Bh7 10. f4 O-O 11. Nf3 Qe7 12. d4 Ne4 13. Nxe4 Bxe4 14. Ne5 f6 15.
Nxd7 Qxd7 16. Bd3 f5 17. Bxe4 fxe4 18. a4 a6 19. Ba3 b5 20. Bxd6 Qxd6 21. Qd2
Rab8 22. axb5 axb5 23. c5 Qe7 24. Ra6 Rbc8 25. Rfa1 g5 26. Ra7 Rc7 27. Rxc7
Qxc7 28. g3 Rf7 29. Ra8+ Kh7 30. Qa5 gxf4 31. Qxc7 Rxc7 32. gxf4 Kg6 33. Kf2
Kf5 34. Rf8+ Kg4 35. Ra8 h5 36. Ra6 Kh3 37. Ra8 h4 38. Re8 Ra7 39. Rxe6 Ra2+
40. Ke1 Kg2 41. f5 Kf3 42. f6 Kxe3 43. Kd1 Kd3 44. Ke1 e3 45. Kf1 Ra1+ 46. Kg2
e2 47. b4 Rf1 48. h3 Rxf6 0-1

[Event "Litomysl 2006"]
[Site "?"]
[Date "2006.12.28"]
[Round "4.12"]
[White "Groetz, Harald"]
[Black "Herbold, Manfred"]
[Result "1-0"]
[WhiteElo "2399"]
[BlackElo "2204"]
[PlyCount "149"]
[EventDate "2006.12.26"]

1. e4 c5 2. Nf3 Nc6 3. d4 cxd4 4. Nxd4 g6 5. c4 Bg7 6. Be3 d6 7. Be2 Nf6 8. Nc3
Bd7 9. O-O O-O 10. f3 a5 11. Qd2 Nxd4 12. Bxd4 Bc6 13. b3 Nd7 14. Be3 Nc5 15.
Rab1 Qb6 16. Rfc1 Rfc8 17. Rc2 Qd8 18. Bf1 Qf8 19. Ne2 h5 20. Nd4 Kh7 21. a3 a4
22. b4 Nb3 23. Qf2 Qh8 24. Rd1 Bd7 25. f4 Bg4 26. Rd3 Kg8 27. h3 Bd7 28. Rd1
Bc6 29. Nxc6 Rxc6 30. Kh1 Bf6 31. g3 Bc3 32. Rd5 Bg7 33. Ra2 Kh7 34. Rb5 Qc8
35. Kh2 Kg8 36. Rc2 Qc7 37. Bd3 e5 38. f5 Kh7 39. g4 Nd4 40. Bxd4 exd4 41. Kg2
Be5 42. Qh4 b6 43. fxg6+ fxg6 44. gxh5 g5 45. Qg4 Rf8 46. Rf2 Rxf2+ 47. Kxf2
Qg7 48. Qf5+ Kh6 49. Qe6+ Kh7 50. Kg2 g4 51. Qf5+ Kh6 52. hxg4 Qg5 53. Qxg5+
Kxg5 54. Kf3 Kh6 55. Be2 Kg5 56. Kf2 Kf4 57. h6 Kg5 58. h7 Rc8 59. Rxb6 d3 60.
Rb5 dxe2 61. Kxe2 Kxg4 62. Kd3 Rh8 63. Rb7 Kg5 64. c5 dxc5 65. bxc5 Kf6 66. Kc4
Ke6 67. Ra7 Bf6 68. Kb5 Be7 69. Ra6+ Kd7 70. Rh6 Kc7 71. e5 Bf8 72. Rc6+ Kb7
73. Rf6 Kb8 74. Rf7 Bh6 75. Kxa4 1-0

[Event "Litomysl 2006"]
[Site "?"]
[Date "2006.12.28"]
[Round "4.13"]
[White "Plischki, Sebastian"]
[Black "Siembab, Bartosz"]
[Result "1/2-1/2"]
[WhiteElo "2389"]
[BlackElo "2190"]
[PlyCount "70"]
[EventDate "2006.12.26"]

1. d4 d5 2. c4 c6 3. Nf3 Nf6 4. e3 Bg4 5. Nc3 e6 6. h3 Bxf3 7. Qxf3 Bb4 8. Bd2
O-O 9. Bd3 Nbd7 10. O-O-O e5 11. cxd5 Bxc3 12. Bxc3 Nxd5 13. Bd2 exd4 14. Qe4
N7f6 15. Qxd4 Qe7 16. Qh4 Rad8 17. Kb1 Rfe8 18. Bc1 Qe6 19. Bc2 a5 20. Ka1 b5
21. Rhe1 c5 22. f3 h6 23. Bb1 Nb4 24. e4 Rd4 25. Be3 Rc4 26. Qf2 Rc2 27. Re2
Rxe2 28. Qxe2 c4 29. Qd2 Nc6 30. Qd6 Qc8 31. Rd2 Re6 32. Qc5 Re5 33. Qd6 Re6
34. Qc5 Re5 35. Qd6 Re6 1/2-1/2

[Event "Litomysl 2006"]
[Site "?"]
[Date "2006.12.28"]
[Round "4.15"]
[White "Aepfler, Christian"]
[Black "Kantorik, Marian"]
[Result "1/2-1/2"]
[WhiteElo "2235"]
[BlackElo "2364"]
[PlyCount "54"]
[EventDate "2006.12.26"]

1. e4 d5 2. Nc3 dxe4 3. Nxe4 e5 4. d3 Nc6 5. Nf3 f5 6. Nc3 Nf6 7. Be2 Bc5 8.
O-O O-O 9. a3 a5 10. b3 Kh8 11. Bb2 Be6 12. Nb5 Nd4 13. Nbxd4 exd4 14. Re1 Qd6
15. Bf1 Rae8 16. Qd2 Bb6 17. g3 c5 18. Bg2 Bc7 19. Re2 f4 20. Rae1 fxg3 21.
hxg3 Bd5 22. Rxe8 Nxe8 23. Ng5 Bxg2 24. Nf7+ Rxf7 25. Rxe8+ Rf8 26. Rxf8+ Qxf8
27. Kxg2 Qe8 1/2-1/2

[Event "Litomysl 2006"]
[Site "?"]
[Date "2006.12.28"]
[Round "4.17"]
[White "Jacko, Vladimir"]
[Black "Spirin, Oleg"]
[Result "0-1"]
[WhiteElo "2186"]
[BlackElo "2345"]
[PlyCount "112"]
[EventDate "2006.12.26"]

1. e4 c5 2. Nf3 a6 3. d4 cxd4 4. Nxd4 d6 5. Nc3 Nf6 6. Be2 e6 7. Be3 Qc7 8. Qd2
b5 9. f3 Bb7 10. a4 b4 11. Na2 d5 12. exd5 Nxd5 13. Bf2 Bd6 14. g3 Nd7 15. O-O
O-O 16. Rad1 N7f6 17. c4 bxc3 18. Nxc3 Qd7 19. Nxd5 Nxd5 20. b3 Bb4 21. Qg5 h6
22. Qe5 Bd6 23. Qh5 Rac8 24. Bc4 Qe7 25. Rfe1 Qf6 26. f4 Rfe8 27. Qg4 Bc5 28.
Re5 Ba7 29. Qe2 Bb8 30. Nf3 Nxf4 31. gxf4 Bxf3 32. Qxf3 Bxe5 33. Bg3 Bd4+ 34.
Kg2 a5 35. Re1 Bc3 36. Re2 Red8 37. Qb7 Bb4 38. Qa6 Ra8 39. Qc6 Ra7 40. f5 Qxf5
41. Rxe6 Re7 42. Rxe7 Bxe7 43. Be1 Qg4+ 44. Kf1 Qf4+ 45. Kg2 Bb4 46. Bxb4 axb4
47. Qf3 Rd2+ 48. Be2 Qg5+ 49. Kf1 Rd4 50. Qa8+ Kh7 51. Bf3 Qc1+ 52. Kg2 Qd2+
53. Kh1 Qf2 54. h3 f5 55. Qc6 Qg3 56. a5 Rd2 0-1

[Event "Litomysl 2006"]
[Site "?"]
[Date "2006.12.28"]
[Round "4.18"]
[White "Goemann, Jens"]
[Black "Ganaus, Hannes"]
[Result "0-1"]
[WhiteElo "2176"]
[BlackElo "2326"]
[PlyCount "96"]
[EventDate "2006.12.26"]

1. c4 e6 2. g3 d5 3. Nf3 Nf6 4. Bg2 Be7 5. O-O O-O 6. b3 a5 7. Bb2 a4 8. bxa4
Nbd7 9. cxd5 exd5 10. d3 Nb6 11. a5 Rxa5 12. Bc3 Ra6 13. a4 c5 14. a5 Nbd7 15.
Na3 Nb8 16. Ne5 Bd6 17. Nb5 Be7 18. e4 Nc6 19. Nxc6 bxc6 20. Na3 Re8 21. Qb3
Be6 22. Qb7 Qa8 23. Rfb1 Nd7 24. Qxa8 Rexa8 25. exd5 cxd5 26. Rb7 Bf6 27. Bxf6
Nxf6 28. Nb5 h5 29. Nc7 Rxa5 30. Rab1 R8a7 31. Rb8+ Kh7 32. Nxe6 fxe6 33. Bh3
Re7 34. Re1 e5 35. f4 e4 36. dxe4 dxe4 37. Rc8 e3 38. Bf5+ g6 39. Bc2 Kg7 40.
Rc6 Rd7 41. h3 Rd2 42. Bb1 Ra1 43. Rxc5 Rb2 44. Rc7+ Kh6 45. Rcc1 h4 46. gxh4
Nd5 47. f5 Nf4 48. fxg6 Ne2+ 0-1

[Event "Litomysl 2006"]
[Site "?"]
[Date "2006.12.28"]
[Round "4.19"]
[White "Gruber, Michael"]
[Black "Krupa, Monika"]
[Result "0-1"]
[WhiteElo "2150"]
[BlackElo "2309"]
[PlyCount "86"]
[EventDate "2006.12.26"]

1. e4 c5 2. Nf3 Nc6 3. d4 cxd4 4. Nxd4 Nf6 5. Nc3 e5 6. Ndb5 d6 7. Bg5 a6 8.
Na3 b5 9. Nd5 Qa5+ 10. Bd2 Qd8 11. Bg5 Be7 12. Bxf6 Bxf6 13. c3 O-O 14. Nc2 Bg5
15. a4 bxa4 16. Rxa4 a5 17. Bb5 Ne7 18. Ncb4 Be6 19. Nxe7+ Qxe7 20. Nd5 Qb7 21.
c4 f5 22. exf5 Rxf5 23. O-O Raf8 24. Rxa5 e4 25. Qe2 Bxd5 26. cxd5 Bd8 27. Bc6
Qe7 28. Ra4 Bb6 29. Ra8 Rxa8 30. Bxa8 Qh4 31. Bc6 Rh5 32. h3 Rg5 33. Qa6 Bd8
34. Qc8 Rg6 35. Qd7 h6 36. Ra1 Bb6 37. Ra8+ Kh7 38. Qf5 Qg3 39. Kf1 Qd3+ 40.
Kg1 Qg3 41. Kf1 Bxf2 42. Be8 Qd3+ 43. Kxf2 e3+ 0-1

[Event "Litomysl 2006"]
[Site "?"]
[Date "2006.12.28"]
[Round "4.20"]
[White "Villwock, Martin"]
[Black "Kaufeld, Juergen"]
[Result "1/2-1/2"]
[WhiteElo "2170"]
[BlackElo "2308"]
[PlyCount "64"]
[EventDate "2006.12.26"]

1. e4 c5 2. Nf3 e6 3. d3 Nc6 4. g3 d5 5. Qe2 dxe4 6. dxe4 Nd4 7. Qd3 Nxf3+ 8.
Qxf3 Bd7 9. Bg2 Bc6 10. O-O Nf6 11. Qe2 Be7 12. c4 O-O 13. Nc3 Qc8 14. Bf4 b6
15. Nd5 Bd8 16. Nxf6+ Bxf6 17. Bd6 Rd8 18. e5 Bxg2 19. Kxg2 Be7 20. Bxe7 Qb7+
21. Qf3 Qxe7 22. Rad1 Rac8 23. Rxd8+ Rxd8 24. Rd1 g6 25. Rxd8+ Qxd8 26. Qe2 Qd4
27. h4 h5 28. b3 Kg7 29. Kf3 Qg4+ 30. Ke3 Qd4+ 31. Kf3 Qg4+ 32. Ke3 Qd4+
1/2-1/2

[Event "Litomysl 2006"]
[Site "?"]
[Date "2006.12.28"]
[Round "4.21"]
[White "Jurkiewicz, Krzysztof"]
[Black "Vukovic, Ivo"]
[Result "1/2-1/2"]
[WhiteElo "2147"]
[BlackElo "2304"]
[PlyCount "69"]
[EventDate "2006.12.26"]

1. d4 Nf6 2. c4 d6 3. Nc3 Nbd7 4. Nf3 e5 5. e4 Be7 6. Be2 O-O 7. d5 Nc5 8. Qc2
a5 9. Be3 b6 10. Nd2 Ng4 11. Bxg4 Bxg4 12. O-O Bh5 13. a3 Bg5 14. Rae1 a4 15.
Nb5 Bxe3 16. Rxe3 f6 17. f4 Be8 18. b4 axb3 19. Nxb3 Bxb5 20. Nxc5 bxc5 21.
cxb5 exf4 22. Rxf4 Qe8 23. Qb2 Ra5 24. b6 Rb5 25. Rb3 Rxb6 26. Rxb6 cxb6 27.
Qxb6 Qe5 28. Rf1 Re8 29. a4 Qd4+ 30. Kh1 Rxe4 31. Qd8+ Kf7 32. Qd7+ Kg6 33.
Qf5+ Kf7 34. Qd7+ Kg6 35. Qf5+ 1/2-1/2

[Event "Litomysl 2006"]
[Site "?"]
[Date "2006.12.28"]
[Round "4.25"]
[White "Blecha, Miroslav"]
[Black "Berescu, Alin"]
[Result "0-1"]
[WhiteElo "2204"]
[BlackElo "2485"]
[PlyCount "58"]
[EventDate "2006.12.26"]

1. e4 e6 2. d4 d5 3. Nc3 Nf6 4. Bg5 Be7 5. e5 Nfd7 6. Bxe7 Qxe7 7. f4 a6 8. Nf3
c5 9. Qd2 Nc6 10. dxc5 Qxc5 11. Bd3 b5 12. O-O-O Nb6 13. h4 b4 14. Ne2 Bd7 15.
g4 a5 16. Kb1 a4 17. f5 h6 18. f6 gxf6 19. exf6 e5 20. Bf5 Bxf5 21. gxf5 O-O-O
22. Ng3 Nc4 23. Qe2 e4 24. Nh2 Nd4 25. Qf2 e3 26. Qf4 Na3+ 27. bxa3 Qxc2+ 28.
Ka1 Qc3+ 29. Kb1 Nc2 0-1

[Event "Litomysl 2006"]
[Site "?"]
[Date "2006.12.28"]
[Round "4.33"]
[White "Holoubkova, Kamila"]
[Black "Kool, Gerard"]
[Result "1/2-1/2"]
[WhiteElo "1854"]
[BlackElo "2109"]
[PlyCount "117"]
[EventDate "2006.12.26"]

1. e4 e6 2. d4 d5 3. Nd2 dxe4 4. Nxe4 Nd7 5. Nf3 Ngf6 6. Bd3 c5 7. c3 Be7 8.
O-O O-O 9. Qc2 Nxe4 10. Bxe4 Nf6 11. Bd3 b6 12. Be3 Bb7 13. Qe2 Qd5 14. Rad1
Qh5 15. Ne5 Qxe2 16. Bxe2 Nd5 17. Rd3 cxd4 18. cxd4 Rac8 19. Re1 Rc2 20. Rb3
Rfc8 21. Bd3 Nxe3 22. Rxe3 Rc1+ 23. Bf1 Ba6 24. Nd3 Ra1 25. Re1 Rxa2 26. Nb4
Bxb4 27. Rxb4 Bxf1 28. Kxf1 Ra5 29. Re5 Ra1+ 30. Ke2 h6 31. Kf3 Rd1 32. Ra4 Rc7
33. Re3 Rd2 34. b3 a5 35. Re5 Rc3+ 36. Re3 Rcc2 37. Ke4 Rxf2 38. h3 Rfe2 39.
Rc4 Rxg2 40. Rxc2 Rxc2 41. Ke5 Kf8 42. Kd6 b5 43. Re5 Rd2 44. Rxb5 Rxd4+ 45.
Ke5 Rd7 46. Rxa5 Ke7 47. b4 f6+ 48. Ke4 g5 49. b5 f5+ 50. Ke3 Rd5 51. Ra7+ Kd6
52. Ra6+ Ke5 53. b6 h5 54. b7 Rb5 55. Ra5 f4+ 56. Kf3 Rxa5 57. b8=Q+ Kf5 58.
Qf8+ Kg6 59. Qe8+ 1/2-1/2

[Event "Litomysl 2006"]
[Site "?"]
[Date "2006.12.29"]
[Round "5.1"]
[White "Petr, Martin"]
[Black "Grunberg, Mihai-Lucian"]
[Result "1/2-1/2"]
[WhiteElo "2417"]
[BlackElo "2414"]
[PlyCount "154"]
[EventDate "2006.12.26"]

1. e4 Nf6 2. e5 Nd5 3. d4 d6 4. c4 Nb6 5. exd6 cxd6 6. Nc3 g6 7. Be3 Bg7 8. Rc1
O-O 9. b3 e5 10. dxe5 dxe5 11. Qxd8 Rxd8 12. c5 N6d7 13. Bc4 Nc6 14. Nf3 Na5
15. Be2 b6 16. Na4 Nxc5 17. Nxc5 bxc5 18. Rxc5 Nb7 19. Rc7 Nd6 20. O-O e4 21.
Nd4 Ne8 22. Rc4 Ba6 23. Ra4 Bxe2 24. Nxe2 Nd6 25. Bxa7 Nf5 26. g4 Nh4 27. Ng3
f5 28. gxf5 gxf5 29. Bb6 Rxa4 30. Bxd8 Nf3+ 31. Kg2 Rxa2 32. Nxf5 Be5 33. b4
Rb2 34. Be7 Nxh2 35. Re1 Ng4 36. Bc5 Nf6 37. Ng3 Bc3 38. Re3 Nd5 39. Rxe4 Bxb4
40. Rg4+ Kf7 41. Bd4 Bc3 42. Rg7+ Ke6 43. Bxc3 Nxc3 44. Rxh7 Ne2 45. Rh6+ Ke5
46. Rh5+ Ke6 47. Rh6+ Ke5 48. Nf1 Nf4+ 49. Kg3 Ne2+ 50. Kf3 Nd4+ 51. Kg2 Nf5
52. Rh3 Kf4 53. Nh2 Ra2 54. Rf3+ Kg5 55. Kh3 Rb2 56. Nf1 Ra2 57. Ng3 Nxg3 58.
Kxg3 Ra5 59. Rf8 Ra3+ 60. f3 Rb3 61. Rf4 Rb5 62. Rg4+ Kf6 63. Rh4 Rg5+ 64. Kf4
Rf5+ 65. Ke3 Re5+ 66. Kf2 Ra5 67. Rf4+ Rf5 68. Kg3 Kg5 69. Ra4 Rb5 70. Ra8 Rb3
71. Ra5+ Kf6 72. Kg4 Rb6 73. f4 Kf7 74. Ra7+ Kf8 75. Kg5 Rb5+ 76. f5 Rb6 77.
Rd7 Ra6 1/2-1/2

[Event "Litomysl 2006"]
[Site "?"]
[Date "2006.12.29"]
[Round "5.2"]
[White "Kanovsky, David"]
[Black "Dydyshko, Viacheslav"]
[Result "0-1"]
[WhiteElo "2390"]
[BlackElo "2562"]
[PlyCount "92"]
[EventDate "2006.12.26"]

1. e4 c5 2. Nf3 d6 3. d4 cxd4 4. Nxd4 Nf6 5. Nc3 a6 6. Bc4 e6 7. Bb3 Nc6 8. Be3
Qc7 9. Qe2 Na5 10. O-O-O b5 11. Bg5 Be7 12. f4 O-O 13. Kb1 Nxb3 14. axb3 Re8
15. Rhf1 Bb7 16. e5 dxe5 17. fxe5 Nd7 18. Bxe7 Rxe7 19. b4 Rf8 20. Nb3 h6 21.
g3 Rc8 22. Rd6 Nb6 23. Nc5 Nc4 24. Rfd1 Nb6 25. b3 Ra8 26. Kb2 Bc6 27. Qd3 Ree8
28. Qd4 a5 29. bxa5 Rxa5 30. Rd8 b4 31. Na2 Nd5 32. Rxe8+ Bxe8 33. Ne4 Rxa2+
34. Kxa2 Qxc2+ 35. Ka1 Nc3 36. Nxc3 bxc3 37. Rb1 Bb5 38. Qd8+ Kh7 39. Qd1 Qf2
40. Qg1 Qd2 41. Qe1 Qd4 42. Rd1 Bd3 43. Rxd3 Qxd3 44. Qc1 Kg6 45. b4 Qd2 46.
Kb1 Qxc1+ 0-1

[Event "Litomysl 2006"]
[Site "?"]
[Date "2006.12.29"]
[Round "5.4"]
[White "Cernousek, Lukas"]
[Black "Mudrak, Josef"]
[Result "1-0"]
[WhiteElo "2408"]
[BlackElo "2343"]
[PlyCount "115"]
[EventDate "2006.12.26"]

1. d4 Nf6 2. c4 g6 3. g3 Bg7 4. Bg2 d6 5. Nf3 O-O 6. Nc3 c6 7. O-O Nbd7 8. e4
e5 9. h3 Re8 10. Be3 a6 11. Qc2 exd4 12. Nxd4 Ne5 13. b3 Qc7 14. Rad1 h6 15. f4
Ned7 16. Rfe1 Qa5 17. Nde2 Bf8 18. a3 Nh7 19. b4 Qc7 20. Nc1 Ndf6 21. c5 d5 22.
exd5 cxd5 23. Nxd5 Nxd5 24. Bxd5 Bf5 25. Qg2 Rad8 26. g4 Bc8 27. Qf3 Bg7 28.
Bf2 Nf6 29. Bb3 Bd7 30. Rxe8+ Rxe8 31. Qd3 Qxf4 32. Qxg6 Be6 33. Bxe6 Rxe6 34.
Qf5 Qc7 35. Re1 Qc6 36. Rxe6 fxe6 37. Qd3 Ne4 38. Ne2 e5 39. Ng3 Ng5 40. Nf5
Nf3+ 41. Kf1 Nh2+ 42. Ke2 Qg2 43. Qd5+ Qxd5 44. Ne7+ Kf7 45. Nxd5 e4 46. Ke3
Nf3 47. Kxe4 Ng5+ 48. Kf5 Nxh3 49. Be3 Ng5 50. Bxg5 hxg5 51. a4 Bb2 52. b5 axb5
53. axb5 Bc1 54. c6 bxc6 55. bxc6 Ke8 56. Ke6 Kd8 57. c7+ Kc8 58. Kd6 1-0

[Event "Litomysl 2006"]
[Site "?"]
[Date "2006.12.29"]
[Round "5.5"]
[White "Manik, Mikulas"]
[Black "Spirin, Oleg"]
[Result "1/2-1/2"]
[WhiteElo "2454"]
[BlackElo "2345"]
[PlyCount "49"]
[EventDate "2006.12.26"]

1. e4 c5 2. Nf3 a6 3. c3 d5 4. exd5 Qxd5 5. d4 e6 6. Be2 Nf6 7. O-O Nc6 8. Be3
cxd4 9. Nxd4 e5 10. c4 Qd6 11. Nxc6 Qxc6 12. Nc3 Be6 13. Bg5 Be7 14. Rc1 Rd8
15. Qe1 O-O 16. Bf3 Qc7 17. b3 Rd7 18. Qe2 Rfd8 19. Rfe1 h6 20. Bh4 Rd2 21. Qf1
Bf5 22. Bxf6 Bxf6 23. Be4 Bxe4 24. Rxe4 Bg5 25. Rce1 1/2-1/2

[Event "Litomysl 2006"]
[Site "?"]
[Date "2006.12.29"]
[Round "5.6"]
[White "Ganaus, Hannes"]
[Black "Slaby, Jerzy"]
[Result "0-1"]
[WhiteElo "2326"]
[BlackElo "2437"]
[PlyCount "110"]
[EventDate "2006.12.26"]

1. d4 Nf6 2. c4 e6 3. Nc3 Bb4 4. e3 c5 5. a3 Bxc3+ 6. bxc3 b6 7. Bd3 Nc6 8. Ne2
O-O 9. O-O Ba6 10. e4 Ne8 11. f4 f5 12. e5 d5 13. cxd5 c4 14. Bb1 Qxd5 15. Ng3
Bb7 16. Rf2 Na5 17. Raa2 g6 18. Nf1 Qd7 19. Rae2 Nc7 20. Re3 Nb3 21. Rg3 Kh8
22. h4 Qe7 23. h5 gxh5 24. Ne3 b5 25. Bb2 Rg8 26. Rxg8+ Rxg8 27. Qxh5 Nd5 28.
Nxd5 Bxd5 29. Bc2 Rg4 30. Qh3 Qg7 31. Bd1 Rg3 32. Qh2 a5 33. Kf1 b4 34. axb4
axb4 35. Bf3 Bxf3 36. gxf3 bxc3 37. Bxc3 Nc1 38. d5 Nd3 39. dxe6 Rg6 40. Qh4
Rxe6 41. Qd8+ Qg8 42. Qd5 Nxf2 43. Kxf2 Qc8 44. Ke3 h6 45. Qb5 Kh7 46. Qb1 Re7
47. Qb6 Qg8 48. Qf6 Qe6 49. Qxe6 Rxe6 50. Kd4 Kg6 51. Kxc4 Rc6+ 52. Kd4 Kf7 53.
Be1 Ke6 54. Ke3 Rc2 55. Bh4 h5 0-1

[Event "Litomysl 2006"]
[Site "?"]
[Date "2006.12.29"]
[Round "5.7"]
[White "Sabol, Marian"]
[Black "Kraemer, Martin"]
[Result "0-1"]
[WhiteElo "2310"]
[BlackElo "2435"]
[PlyCount "50"]
[EventDate "2006.12.26"]

1. b3 d5 2. Bb2 Nf6 3. g3 c5 4. Bg2 Nc6 5. e3 e5 6. d3 Be6 7. Ne2 Bd6 8. h3 Qd7
9. c4 Bc7 10. a3 Rd8 11. Nbc3 d4 12. exd4 exd4 13. Na4 b6 14. Bc1 O-O 15. Bg5
Rfe8 16. Qc2 Bd6 17. Bxf6 gxf6 18. Kf1 Re7 19. Re1 Rde8 20. Nb2 Bf5 21. f4 h5
22. Kf2 Re3 23. Bf3 Bxh3 24. Nd1 Rxf3+ 25. Kxf3 Qb7 0-1

[Event "Litomysl 2006"]
[Site "?"]
[Date "2006.12.29"]
[Round "5.8"]
[White "Krupa, Monika"]
[Black "Groetz, Harald"]
[Result "1-0"]
[WhiteElo "2309"]
[BlackElo "2399"]
[PlyCount "43"]
[EventDate "2006.12.26"]

1. e4 c5 2. Nf3 e6 3. Nc3 a6 4. g3 b5 5. Bg2 Bb7 6. d4 b4 7. Na4 Bxe4 8. dxc5
Qa5 9. Nb6 Ra7 10. Be3 Bxf3 11. Qxf3 Bxc5 12. Nc4 Qc7 13. Bxc5 Qxc5 14. Qf4 e5
15. Nxe5 d6 16. Nd3 Qxc2 17. O-O Ne7 18. Qe3 Rd7 19. Rac1 Qa4 20. Rc8+ Rd8 21.
Rxd8+ Kxd8 22. Qb6+ 1-0

[Event "Litomysl 2006"]
[Site "?"]
[Date "2006.12.29"]
[Round "5.9"]
[White "Rutkowski, Maciej"]
[Black "Vyskocil, Neklan"]
[Result "1/2-1/2"]
[WhiteElo "2296"]
[BlackElo "2374"]
[PlyCount "48"]
[EventDate "2006.12.26"]

1. e4 c5 2. Ne2 d6 3. d4 cxd4 4. Nxd4 Nf6 5. Nc3 a6 6. Be2 e6 7. a4 Be7 8. O-O
O-O 9. Be3 Nc6 10. f4 Qc7 11. Kh1 Re8 12. Bd3 Nb4 13. a5 Bd7 14. Nb3 Rac8 15.
Bb6 Qb8 16. Bd4 Nxd3 17. cxd3 Bc6 18. Be3 e5 19. Qf3 Rcd8 20. Bb6 Rc8 21. Rae1
Bd8 22. d4 Bxb6 23. axb6 exd4 24. Nxd4 Bd7 1/2-1/2

[Event "Litomysl 2006"]
[Site "?"]
[Date "2006.12.29"]
[Round "5.10"]
[White "Jedlicka, Ales"]
[Black "Kadziolka, Beata"]
[Result "1/2-1/2"]
[WhiteElo "2235"]
[BlackElo "2346"]
[PlyCount "24"]
[EventDate "2006.12.26"]

1. d4 f5 2. Nf3 Nf6 3. g3 g6 4. Bg2 Bg7 5. O-O O-O 6. c4 d6 7. Nc3 Re8 8. d5 a5
9. Be3 Na6 10. Rb1 Bd7 11. b3 Ne4 12. Nd4 c6 1/2-1/2

[Event "Litomysl 2006"]
[Site "?"]
[Date "2006.12.29"]
[Round "5.15"]
[White "Kaufeld, Juergen"]
[Black "Aepfler, Christian"]
[Result "1-0"]
[WhiteElo "2308"]
[BlackElo "2235"]
[PlyCount "23"]
[EventDate "2006.12.26"]

1. e4 e6 2. d4 d5 3. Nc3 dxe4 4. Nxe4 Bd7 5. Nf3 Bc6 6. Bd3 Nd7 7. O-O Ngf6 8.
Neg5 Bxf3 9. Qxf3 c6 10. Re1 Be7 11. Qh3 h6 12. Nxf7 1-0

[Event "Litomysl 2006"]
[Site "?"]
[Date "2006.12.29"]
[Round "5.20"]
[White "Siembab, Bartosz"]
[Black "Kulovana, Eva"]
[Result "1-0"]
[WhiteElo "2190"]
[BlackElo "2263"]
[PlyCount "87"]
[EventDate "2006.12.26"]

1. e4 e5 2. Nf3 Nc6 3. Bc4 Bc5 4. c3 Nf6 5. d4 exd4 6. e5 d5 7. Bb5 Ne4 8. cxd4
Bb4+ 9. Bd2 Nxd2 10. Nbxd2 Bd7 11. O-O O-O 12. Qb3 Bxd2 13. Bxc6 Bxc6 14. Nxd2
b6 15. f4 f6 16. Nf3 Bb7 17. Rae1 Ba6 18. Rf2 Bc4 19. Qa3 Re8 20. Rc1 Qd7 21.
Rfc2 c6 22. b3 Bb5 23. Qb4 Rac8 24. Qd2 Ba6 25. Rc3 Bb7 26. Qf2 Kh8 27. Qh4 Qf5
28. Re3 c5 29. Rce1 Bc6 30. Qg3 Qg6 31. Qh3 Qc2 32. exf6 gxf6 33. Qh6 Qg6 34.
Rxe8+ Rxe8 35. Rxe8+ Qxe8 36. Qxf6+ Kg8 37. Ne5 Bb7 38. f5 cxd4 39. Qg5+ Kh8
40. f6 Qf8 41. f7 h6 42. Ng6+ Kg7 43. Qg3 Qxf7 44. Ne5+ 1-0

[Event "Litomysl 2006"]
[Site "?"]
[Date "2006.12.29"]
[Round "5.22"]
[White "Grecescu, Gabriel-Andrei"]
[Black "Bebel, Arkadiusz"]
[Result "1-0"]
[WhiteElo "2405"]
[BlackElo "2133"]
[PlyCount "79"]
[EventDate "2006.12.26"]

1. c4 Nf6 2. Nc3 g6 3. g3 Bg7 4. Bg2 O-O 5. e3 d6 6. Nge2 e5 7. O-O Nc6 8. d3
Be6 9. Nd5 Rb8 10. Qa4 Qd7 11. Nec3 a6 12. Bd2 h5 13. Rac1 h4 14. b4 Bh3 15. b5
Bxg2 16. Kxg2 h3+ 17. Kg1 Qf5 18. Qd1 Nxd5 19. cxd5 Ne7 20. e4 Qd7 21. bxa6
bxa6 22. Qa4 Qc8 23. f3 c5 24. Rb1 f5 25. Rxb8 Qxb8 26. Nd1 fxe4 27. fxe4 Rxf1+
28. Kxf1 Qc8 29. Bg5 Nxd5 30. Qc4 Kh7 31. Qxd5 Qg4 32. Nf2 Qxg5 33. Nxh3 Qd8
34. Nf2 Bh6 35. Qb7+ Kh8 36. Qxa6 Be3 37. Ng4 Bd4 38. Kg2 d5 39. Qxg6 c4 40.
Nf6 1-0

[Event "Litomysl 2006"]
[Site "?"]
[Date "2006.12.29"]
[Round "5.23"]
[White "Holusova, Tana"]
[Black "Cerveny, Petr"]
[Result "0-1"]
[WhiteElo "2097"]
[BlackElo "2286"]
[PlyCount "62"]
[EventDate "2006.12.26"]

1. e4 c5 2. Nf3 e6 3. d4 cxd4 4. Nxd4 Nf6 5. Bd3 Nc6 6. Nb3 d6 7. O-O Be7 8.
Kh1 O-O 9. Nc3 a6 10. a4 b6 11. f4 Bb7 12. Qe2 Nb4 13. Bd2 Nd7 14. Nd1 Nxd3 15.
cxd3 Rc8 16. Ne3 Bf6 17. Nc4 Qc7 18. Rac1 Qb8 19. Bb4 Nc5 20. Nbd2 b5 21. axb5
axb5 22. e5 bxc4 23. exf6 Nxd3 24. Qg4 g6 25. Qg5 Kh8 26. Qh6 Rg8 27. Rc3 Qa8
28. Nf3 Bxf3 29. gxf3 Nxb4 30. Rg1 Nd3 31. Rg3 Qa1+ 0-1

[Event "Litomysl 2006"]
[Site "?"]
[Date "2006.12.29"]
[Round "5.24"]
[White "Janocko, Petr"]
[Black "Plat, Vojtech"]
[Result "1-0"]
[WhiteElo "2089"]
[BlackElo "2252"]
[PlyCount "103"]
[EventDate "2006.12.26"]

1. d4 Nf6 2. c4 g6 3. Nf3 Bg7 4. g3 O-O 5. Bg2 d5 6. cxd5 Nxd5 7. O-O Nb6 8.
Nc3 c6 9. Bf4 N8d7 10. Rc1 Nf6 11. Qc2 Nbd5 12. Be5 Nxc3 13. bxc3 Bf5 14. Qb2
Qd7 15. Ng5 h6 16. Bxf6 Bxf6 17. Ne4 Bxe4 18. Bxe4 Rab8 19. Qa3 a6 20. Qb3 e6
21. Rcd1 Rfd8 22. Qc2 Qe7 23. f4 c5 24. e3 b5 25. Bd3 b4 26. e4 cxd4 27. e5 Bg7
28. cxd4 Rxd4 29. Bxg6 Qa7 30. Bh7+ Kh8 31. Rxd4 Qxd4+ 32. Kg2 Rd8 33. Be4 a5
34. Bf3 Qd2+ 35. Rf2 Qxc2 36. Rxc2 f6 37. exf6 Bxf6 38. Bc6 Rd3 39. Ba4 Ra3 40.
Bb3 Bc3 41. Bxe6 Kg7 42. Kf3 Kf6 43. Bg8 a4 44. Ke4 Kg7 45. Bd5 Bf6 46. Rc7+
Kg6 47. Bf7+ Kg7 48. Kf5 Bd4 49. Rb7 Bg1 50. Be6+ Kf8 51. Rxb4 Bxh2 52. Kf6 1-0

[Event "Litomysl 2006"]
[Site "?"]
[Date "2006.12.29"]
[Round "5.26"]
[White "Sladek, Vladislav"]
[Black "Valenta, Vit"]
[Result "0-1"]
[WhiteElo "2040"]
[BlackElo "2238"]
[PlyCount "46"]
[EventDate "2006.12.26"]

1. e4 e5 2. Bc4 Nc6 3. Nc3 Nf6 4. d3 Na5 5. Bg5 Nxc4 6. dxc4 Be7 7. Nf3 d6 8.
h3 O-O 9. Qe2 c6 10. O-O-O Qc7 11. g4 Be6 12. Bxf6 Bxf6 13. g5 Be7 14. h4 Bg4
15. Rhg1 Bh5 16. Qd3 Qb6 17. Rg2 Rfd8 18. Ne2 Qa6 19. Kb1 d5 20. exd5 cxd5 21.
Qe3 Bc5 22. Qc3 e4 23. Nfg1 d4 0-1